000 00332nam a22001337a 4500
008 170608b xxu||||| |||| 00| 0 eng d
020 _a9780029268728
041 _aeng
080 _a32
100 _a18
101 _aSHP
245 _aPEOPLES REPUBLIC OF CHINA A CONCISE POLITICAL HISTORY
_cRODZINSKI.W
942 _2udc
_cBK
999 _c16508
_d16508